000 00517nam a22001817a 4500
999 _c12041
_d12041
008 220228b ||||| |||| 00| 0 eng d
020 _a9781259004575
082 _a621.902
_bMEH
100 _aMehta, N. K.
245 _a Machine tool design & numerical control
250 _a3rd Ed.
260 _aChennai
_bMcGraw hill education pvt. ltd.
_c2018
300 _axiv, 550p.
650 _aMachine-tools--Design
650 _aMachine-tools--Numerical control
650 _aControl system machine tool
942 _cBK